000 00645nam a2200229Ia 4500
003 OSt
005 20220928122311.0
006 a|||||r|||| 00| 0
007 ta
008 220927b |||||||| |||| 00| 0 eng d
024 _a33371
037 _cTextual
040 _aSDCL
_cSDCL
_beng
041 _2eng
_aeng
082 _aX9(F182),2,h,N65, N1
100 _aBhatia Sutinder
_9457280
245 0 _aBokaro steel plant
_b Some economic aspects
260 _aBombay
_bPopular Prakashan
_c1991
300 _axiv,320p
_ccm.
942 _hX9(F182),2,h,N65, N1
_cTEXL
_2CC
999 _c770766
_d770766